| 000 | 00964cam a22003015i 4500 | ||
|---|---|---|---|
| 001 | 17762156 | ||
| 005 | 20201128021139.0 | ||
| 008 | 130603s2014 xxkadk frbd f001 0 eng d | ||
| 010 | _a2013941968 | ||
| 020 | _a9780199666584 (hbk.) | ||
| 020 | _a019966658X (hbk.) | ||
| 020 | _a9780199666591 (pbk.) | ||
| 020 | _a0199666598 (pbk.) | ||
| 040 |
_aDLC _cDLC _dEG-ScBUE |
||
| 082 | 0 | 0 |
_222 _a332.015195 _bBLY |
| 100 | 1 |
_aBlyth, Stephen _936840 |
|
| 245 | 1 | 3 |
_aAn introduction to quantitative finance / _cStephen Blyth. |
| 260 |
_aOxford, United Kingdom : _bOxford University Press, _c2014. |
||
| 300 |
_axvi, 175 p. : _bcharts, forms, tables ; _c24 cm. |
||
| 500 | _aGlossary : p. 167-169. | ||
| 500 | _aIndex : p. 173-175. | ||
| 504 | _aBibliography : p. 171. | ||
| 650 | 0 |
_aFinance _xStatistical methods _936841 |
|
| 650 | 0 |
_aBusiness mathematics _9801 |
|
| 653 |
_bBUSADM _cDecember2014 |
||
| 655 |
_vreading book _934232 |
||
| 942 |
_2ddc _k332.015195 BLY |
||
| 999 |
_c18739 _d18711 |
||